000 00509nam a2200181Ia 4500
005 20250508160555.0
008 008 250505s9999 xx 000 0 eng d
037 _aTextual
040 _aFEDL
_beng
_cFEDL
041 _aeng
_2eng
084 _a378, LEV
_qFEDL
100 _aLevi Edward H
_992761
245 0 _aPoint of view : Talk on education
260 _aLondon, UK
_bThe University of Chicago Press
_c1969
300 _avii,186p
942 _cTEXL
_h378, LEV
999 _c1365402
_d1365402